[Event "Oslo Open 2016"]
[Site "Fornebu NOR"]
[Date "2016.10.01"]
[Round "2.21"]
[White "Berntsen-Oybo, August"]
[Black "Welling, Gerard"]
[Result "1/2-1/2"]
[BlackTitle "IM"]
[WhiteElo "1936"]
[BlackElo "2319"]
[WhiteFideId "1520555"]
[BlackFideId "1000446"]
[EventDate "2016.09.30"]

1. Nf3 d5 2. g3 Nf6 3. Bg2 e6 4. O-O Be7 5. d3 O-O 6. Nbd2 b6 7. e4 dxe4 8. Ng5
Bb7 9. Ngxe4 Nxe4 10. Nxe4 Qc8 11. f4 Nd7 12. Be3 Nf6 13. Qe2 Nxe4 14. dxe4 Ba6
15. c4 e5 16. b3 Qe6 17. Rad1 Rad8 18. Kh1 Rxd1 19. Rxd1 Rd8 20. Rd5 exf4 21.
Rxd8+ Bxd8 22. Bxf4 Qd7 23. e5 Bc8 24. h4 Qg4 25. Qd2 Qd7 26. Bd5 Qh3+ 27. Kg1
Be7 28. Bg2 Qe6 29. Qd5 Bc5+ 30. Kh2 Qxd5 31. cxd5 Kf8 32. Be4 h6 33. Kg2 Bg4
34. Kf1 Ke7 35. Ke1 Bb4+ 36. Kf2 Bc5+ 37. Be3 Bb4 38. Bd4 Bd2 39. Be3 Bb4 40.
Bd4 Bd2 41. Bb2 Bb4 42. Ke3 Be1 43. Kf4 Bd1 44. Bd3 Bd2+ 45. Ke4 Bb4 46. Bd4 Be1
47. Kf4 Bd2+ 48. Be3 Bb4 49. g4 Be1 50. h5 Bh4 51. Kf5 Bf3 52. Bc4 Bd1 53. Bd3
Bf3 54. Bc4 Bd1 55. g5 Bxh5 56. gxh6 gxh6 57. Bxh6 Bg6+ 58. Kg4 Be1 59. Bg5+ Kf8
60. Bd8 Ke8 61. Bf6 Bb1 62. Bb5+ Kf8 63. d6 cxd6 64. exd6 Bb4 65. d7 Be7 66.
d8=Q+ Bxd8 67. Bxd8 Bxa2 68. Bc4 a5 69. Bxb6 a4 70. Bc5+ Kg8 71. Bxf7+ Kxf7 72.
bxa4 Bc4 73. a5 Ke6 74. a6 Bxa6 1/2-1/2

[Event "Oslo Open 2016"]
[Site "Fornebu NOR"]
[Date "2016.10.01"]
[Round "2.22"]
[White "Risting, Eivind Olav"]
[Black "Nilsen, Tobias Lang"]
[Result "0-1"]
[WhiteTitle "FM"]
[WhiteElo "2292"]
[BlackElo "1941"]
[WhiteFideId "1517333"]
[BlackFideId "1521624"]
[EventDate "2016.09.30"]

1. d4 f5 2. c4 d6 3. Nf3 Nf6 4. g3 g6 5. Bg2 Bg7 6. Nc3 O-O 7. O-O Qe8 8. d5 Na6
9. Nd4 Bd7 10. e3 c6 11. Qd2 Rc8 12. b3 Nc5 13. Bb2 Nfe4 14. Nxe4 Nxe4 15. Bxe4
fxe4 16. Ne6 Bxb2 17. Qxb2 Bxe6 18. dxe6 c5 19. Qd2 Qc6 20. g4 Rf3 21. Kg2 Rcf8
22. Qd5 Kg7 23. Rac1 Qxd5 24. cxd5 Kf6 25. Rc2 Ke5 26. Rd2 Rb8 27. Rh1 h6 28. h4
h5 29. g5 b5 30. Rc1 a5 31. Rdd1 b4 32. Rc2 Rff8 33. Rdd2 a4 34. Rb2 Ra8 35. Rd1
axb3 36. axb3 Ra3 37. Kg3 Rfa8 38. f4+ exf3 39. Kxf3 Ra2 40. Rbd2 Rxd2 41. Rxd2
Ra3 42. Rd3 Ra1 43. e4 Rc1 44. Kg2 Kxe4 45. Rd2 Rc3 0-1

[Event "Oslo Open 2016"]
[Site "Fornebu NOR"]
[Date "2016.10.01"]
[Round "2.23"]
[White "Kakulidis, Ellen"]
[Black "Haug, Johannes"]
[Result "1/2-1/2"]
[BlackTitle "FM"]
[WhiteElo "1928"]
[BlackElo "2279"]
[WhiteFideId "1444972"]
[BlackFideId "1509268"]
[EventDate "2016.09.30"]

1. e4 c5 2. Nf3 e6 3. c4 Nc6 4. Nc3 a6 5. Be2 Qc7 6. O-O Nf6 7. d4 cxd4 8. Nxd4
Nxd4 9. Qxd4 Bc5 10. Qd3 O-O 11. Bg5 Ne8 12. a3 d6 13. b4 Ba7 14. Rac1 b6 15.
Kh1 Bb7 16. f4 f6 17. Bh4 Rc8 18. Bg4 Qf7 19. Bf2 g6 20. Na4 f5 21. exf5 exf5
22. Bf3 b5 23. Bxa7 Bxf3 24. Qxf3 bxa4 25. Qd5 Qxd5 26. cxd5 Nf6 27. Rc6 Ra8 28.
Bb6 Nxd5 29. Rxd6 Nxb6 30. Rxb6 Rfe8 31. h3 Re3 32. Rd1 Ra7 33. Rd5 Rxa3 34. Ra5
Rd7 35. Rbxa6 Rb3 36. Ra8+ Kg7 37. R8a7 Rxa7 38. Rxa7+ Kh6 39. Rxa4 Kh5 40. Ra7
Kh4 41. Kh2 h6 42. Rb7 Kh5 43. Rb8 Rb2 44. Rb5 Kh4 45. Rb8 Kh5 46. b5 Rb4 47.
Kg3 Rb3+ 48. Kf2 Rb2+ 49. Kf3 Rb3+ 50. Ke2 Rb2+ 51. Kd3 Rxg2 52. b6 Rb2 53. Kc3
Rb5 54. Kc4 Rb1 55. Kc5 Kh4 56. Rh8 Kxh3 57. Rxh6+ Kg4 58. Rxg6+ Kxf4 59. Kc6
Ke4 60. Re6+ Kd4 61. Rd6+ Ke4 62. b7 f4 63. Re6+ Kd4 64. Rf6 Ke4 65. Re6+ Kd4
66. Rd6+ Ke4 67. Rd1 Rxb7 68. Kxb7 f3 69. Kc6 Ke3 70. Kd5 f2 71. Ra1 Ke2 72.
Ra2+ Ke3 73. Ra3+ Ke2 74. Ke5 1/2-1/2

[Event "Oslo Open 2016"]
[Site "Fornebu NOR"]
[Date "2016.10.01"]
[Round "2.24"]
[White "Dolzhykova, Kateryna"]
[Black "Omtvedt, Per"]
[Result "1/2-1/2"]
[WhiteTitle "WIM"]
[WhiteElo "2267"]
[BlackElo "1929"]
[WhiteFideId "14113414"]
[BlackFideId "1503235"]
[EventDate "2016.09.30"]

1. e4 c5 2. Nf3 e6 3. d4 cxd4 4. Nxd4 a6 5. c4 Nf6 6. Nc3 Bb4 7. Qd3 Qc7 8. Be2
O-O 9. O-O Bxc3 10. bxc3 d6 11. Bg5 Nbd7 12. Qe3 b6 13. f4 Bb7 14. Bd3 Nc5 15.
Bxf6 gxf6 16. e5 Nxd3 17. exf6 Kh8 18. Qxd3 Rg8 19. Nf3 Rg4 20. g3 Rag8 21. Kf2
e5 22. Ng5 Rg6 23. Qxd6 Qxd6 24. Nxf7+ Kg8 25. Nxd6 Rxf6 26. Nxb7 exf4 27. gxf4
Rfxf4+ 28. Ke3 Rxc4 29. Kd3 Rc7 30. Nd6 Rd7 31. Rf6 Rg6 32. Raf1 Rxd6+ 33. Rxd6
Rxd6+ 34. Kc2 1/2-1/2

[Event "Oslo Open 2016"]
[Site "Fornebu NOR"]
[Date "2016.10.01"]
[Round "2.25"]
[White "Ingebretsen, Jens E"]
[Black "Haugli, Petter"]
[Result "0-1"]
[BlackTitle "IM"]
[WhiteElo "1925"]
[BlackElo "2257"]
[WhiteFideId "1522965"]
[BlackFideId "1500104"]
[EventDate "2016.09.30"]

1. e4 c5 2. c3 g6 3. d4 cxd4 4. cxd4 d5 5. e5 Nc6 6. h3 Bg7 7. Nf3 f6 8. Bb5
fxe5 9. Nxe5 Qd6 10. Bf4 Qb4+ 11. Nc3 Bd7 12. O-O Bxe5 13. Bxc6 Bxf4 14. Bxd7+
Kxd7 15. Qg4+ e6 16. Qxf4 Ne7 17. Rfe1 Rhf8 18. Qh4 Rf7 19. a3 Nf5 20. axb4 Nxh4
21. Na4 Kd6 22. Nc5 Re7 23. Red1 b6 24. Ra6 Kc6 25. Nd3 Kb5 26. Ra3 Nf5 27. Ne5
Rc7 28. g4 Nd6 29. Re3 Re8 30. Rde1 Rce7 31. Kg2 Nc4 32. R3e2 Nxe5 33. Rxe5 Kxb4
34. f4 Kc4 35. Kf3 Rf7 36. Rxe6 Rxe6 37. Rxe6 Kxd4 38. h4 Kd3 39. h5 gxh5 40.
gxh5 d4 41. Rd6 Kc2 42. Rxd4 Kxb2 43. Ke4 a5 44. Ke5 b5 45. Rd8 Rb7 46. f5 a4
47. Ke6 a3 48. Ra8 a2 49. f6 a1=Q 50. Rxa1 Kxa1 51. f7 Rb8 52. Ke7 b4 53. f8=Q
Rxf8 54. Kxf8 b3 55. Kg7 b2 56. Kxh7 b1=Q+ 57. Kg7 Qg1+ 0-1

[Event "Oslo Open 2016"]
[Site "Fornebu NOR"]
[Date "2016.10.01"]
[Round "2.26"]
[White "Tryggestad, Andreas Garberg"]
[Black "Kaasen, Tor Fredrik"]
[Result "1-0"]
[WhiteElo "2224"]
[BlackElo "1927"]
[WhiteFideId "1513338"]
[BlackFideId "1516647"]
[EventDate "2016.09.30"]

1. d4 Nf6 2. c4 c5 3. d5 b5 4. cxb5 a6 5. b6 g6 6. Nc3 Bg7 7. e4 d6 8. Nf3 O-O
9. Bd3 Nbd7 10. O-O Qxb6 11. h3 Bb7 12. Re1 Rfc8 13. Qe2 a5 14. a4 Ba6 15. Nb5
Rcb8 16. Bf4 Nh5 17. Bh2 Bh6 18. e5 Bf4 19. e6 Bxh2+ 20. Kxh2 Nf4 21. exf7+ Kh8
22. Qd2 Nxd3 23. Qxd3 Bxb5 24. Qc3+ Ne5 25. axb5 Kg7 26. Nxe5 dxe5 27. Qxe5+ Qf6
28. Qxe7 Qxe7 29. Rxe7 Rf8 30. Rc1 Rac8 31. d6 Rxf7 32. d7 Rd8 33. Rxf7+ Kxf7
34. Rxc5 Rxd7 35. b6 Ke6 36. Rxa5 Rb7 37. Rb5 Kd6 38. g4 Kc6 39. Rb3 Kd5 40. Kg3
h6 41. f4 Ke4 42. Rb4+ Kd5 43. f5 gxf5 44. gxf5 Ke5 45. Rb5+ Kf6 46. Kf4 Ke7 47.
Ke5 Kd7 48. f6 Rb8 49. b7 Re8+ 50. Kd5 Rb8 51. h4 h5 52. f7 1-0

[Event "Oslo Open 2016"]
[Site "Fornebu NOR"]
[Date "2016.10.02"]
[Round "3.1"]
[White "Kovalenko, Igor"]
[Black "Hauge, Lars Oskar"]
[Result "1-0"]
[WhiteTitle "GM"]
[BlackTitle "IM"]
[WhiteElo "2651"]
[BlackElo "2385"]
[WhiteFideId "14117908"]
[BlackFideId "1509276"]
[EventDate "2016.09.30"]

1. d4 Nf6 2. Nf3 g6 3. c4 c5 4. Nc3 Bg7 5. e4 cxd4 6. Nxd4 O-O 7. Be2 Nc6 8. Be3
d6 9. O-O Nxd4 10. Bxd4 Bd7 11. Qd2 Bc6 12. f3 Nd7 13. Be3 a5 14. Rab1 Nc5 15.
Kh1 Qb6 16. b3 Rfc8 17. Rfc1 Qd8 18. Rc2 h5 19. Qe1 Kh7 20. Bf1 Nd7 21. Rd1 Qf8
22. Nd5 a4 23. b4 a3 24. Nc3 Ne5 25. f4 Nd7 26. e5 b6 27. Bd4 Qh8 28. Rf2 Rf8
29. b5 Bb7 30. Be3 Nc5 31. Bxc5 bxc5 32. Ne4 Bxe4 33. Qxe4 dxe5 34. f5 Bf6 35.
fxg6+ fxg6 36. b6 Ra6 37. Bd3 Qg8 38. Rb1 Rb8 39. b7 Rd6 40. Qe2 Kg7 41. Rf3 h4
42. Be4 Qd8 43. Rxa3 Rb6 44. Rxb6 Qxb6 45. Rb3 Qa5 46. Rb1 Qa3 47. Qg4 Qxa2 48.
Qxg6+ Kh8 49. Qh7# 1-0

[Event "Oslo Open 2016"]
[Site "Fornebu NOR"]
[Date "2016.10.02"]
[Round "3.2"]
[White "Devereaux, Maxim L"]
[Black "Moiseenko, Alexander"]
[Result "1/2-1/2"]
[WhiteTitle "IM"]
[BlackTitle "GM"]
[WhiteElo "2374"]
[BlackElo "2648"]
[WhiteFideId "408280"]
[BlackFideId "14102560"]
[EventDate "2016.09.30"]

1. e4 c5 2. Nf3 e6 3. d4 cxd4 4. Nxd4 a6 5. Bd3 Bc5 6. Nb3 Ba7 7. Nc3 Nc6 8. Qe2
d6 9. a4 Nf6 10. Be3 Bxe3 11. Qxe3 O-O 12. O-O e5 13. Nd2 Be6 14. Rfd1 Rc8 15.
Nf3 h6 16. h3 Qc7 17. Rd2 Rfd8 18. Rad1 Qa5 19. Bf1 Qb4 20. Nd5 Bxd5 21. exd5
Na5 22. b3 Ne4 23. Rd4 exd4 24. Qxe4 Re8 25. Qf5 Qc5 26. Rxd4 Nc6 27. Rf4 Ne5
28. Nxe5 dxe5 29. Qxf7+ Kh8 30. Rc4 Qf8 31. Qxb7 a5 32. Qa7 Rxc4 33. Bxc4 Qa3
34. Qe3 e4 35. g3 Qb2 36. d6 Qxc2 37. Bb5 Rf8 38. d7 Qd1+ 39. Kg2 Qd5 40. Kg1
Kh7 41. h4 Qd1+ 42. Bf1 Qd5 43. Bg2 Qxd7 44. Bxe4+ Kh8 45. Qc5 Qf7 46. Kg2 Qf6
47. Bb7 g6 48. Be4 Kg7 49. f3 Qb2+ 50. Kh3 Qxb3 51. Qxa5 Qe6+ 52. Kg2 Qa2+ 53.
Kh3 Qe6+ 54. Kg2 Qa2+ 55. Kh3 Qe6+ 1/2-1/2

[Event "Oslo Open 2016"]
[Site "Fornebu NOR"]
[Date "2016.10.02"]
[Round "3.3"]
[White "Zubov, Alexander"]
[Black "Mihajlov, Sebastian"]
[Result "1-0"]
[WhiteTitle "GM"]
[BlackTitle "FM"]
[WhiteElo "2606"]
[BlackElo "2356"]
[WhiteFideId "14109409"]
[BlackFideId "1512110"]
[EventDate "2016.09.30"]

1. d4 Nf6 2. c4 g6 3. f3 Bg7 4. e4 d6 5. Ne2 O-O 6. Be3 c5 7. d5 a6 8. Nec3 e6
9. a4 exd5 10. cxd5 Nbd7 11. Be2 Rb8 12. O-O Ne8 13. Na3 f5 14. exf5 gxf5 15.
Qd2 Ne5 16. Rab1 Qh4 17. Kh1 f4 18. Bf2 Qh6 19. b4 Rf5 20. Ne4 Rh5 21. Bg1 Bf5
22. bxc5 dxc5 23. Rbd1 b6 24. d6 Rd8 25. Nc4 Nf7 26. g4 Bxe4 27. gxh5 Bc6 28.
Nxb6 Nexd6 29. Qc2 Re8 30. Qxc5 Nb7 31. Qc2 Ne5 32. Nc4 Ng4 33. Nd6 1-0

[Event "Oslo Open 2016"]
[Site "Fornebu NOR"]
[Date "2016.10.02"]
[Round "3.4"]
[White "Kovachev, Daniel Jakobsen"]
[Black "Tari, Aryan"]
[Result "1/2-1/2"]
[WhiteTitle "FM"]
[BlackTitle "GM"]
[WhiteElo "2329"]
[BlackElo "2570"]
[WhiteFideId "1503448"]
[BlackFideId "1510045"]
[EventDate "2016.09.30"]

1. d4 Nf6 2. c4 g6 3. Nc3 d5 4. cxd5 Nxd5 5. e4 Nxc3 6. bxc3 Bg7 7. Qa4+ c6 8.
Nf3 O-O 9. Be3 Nd7 10. Qc2 b5 11. Bd3 Nb6 12. O-O Qc7 13. h3 Be6 14. Nd2 Rad8
15. Nb3 Bc4 16. Bxc4 Nxc4 17. e5 Rd5 18. Rae1 Qc8 19. Qc1 c5 20. Nxc5 Bxe5 21.
Bg5 Re8 22. Re2 Qf5 23. Rfe1 Bxd4 24. cxd4 Qxg5 25. Qxg5 Rxg5 26. Rxe7 Rxe7 27.
Rxe7 Rd5 28. Rxa7 Rxd4 29. Rd7 Rxd7 30. Nxd7 f5 31. Kf1 Kf7 32. Ke2 Ke7 33. Nc5
Kd6 34. Nb3 Kd5 35. Kd3 g5 36. Nc1 f4 37. Ne2 b4 38. Nc1 Ne5+ 39. Kd2 Ke4 40.
f3+ Kd4 41. Ne2+ Kd5 42. h4 h6 43. hxg5 hxg5 44. Kc2 Kc4 45. Ng1 g4 46. Ne2 gxf3
47. gxf3 Nxf3 48. Nxf4 Nd4+ 49. Kb2 b3 50. axb3+ Nxb3 1/2-1/2

[Event "Oslo Open 2016"]
[Site "Fornebu NOR"]
[Date "2016.10.02"]
[Round "3.5"]
[White "Blomqvist, Erik"]
[Black "Ronneland, Daniel"]
[Result "1-0"]
[WhiteTitle "GM"]
[WhiteElo "2545"]
[BlackElo "2192"]
[WhiteFideId "1709437"]
[BlackFideId "1702130"]
[EventDate "2016.09.30"]

1. Nf3 Nf6 2. g3 g6 3. Bg2 Bg7 4. O-O O-O 5. d4 d6 6. b3 Nc6 7. Bb2 e5 8. dxe5
Ng4 9. Qc1 Ngxe5 10. Nxe5 Nxe5 11. c4 Bg4 12. Nc3 Rb8 13. h3 Be6 14. Rd1 Qe7 15.
Qd2 a6 16. Rac1 h5 17. Rc2 h4 18. g4 f5 19. Nd5 Bxd5 20. Bxd5+ Kh7 21. f4 fxg4
22. fxe5 gxh3 23. exd6 Qxd6 24. Bxg7 Qg3+ 25. Kh1 Kxg7 26. Qd4+ Rf6 27. Rc3 Qg5
28. Rg1 Qf5 29. Rf3 1-0

[Event "Oslo Open 2016"]
[Site "Fornebu NOR"]
[Date "2016.10.02"]
[Round "3.6"]
[White "Arnaudov, G. Petar"]
[Black "Ranaldi, Lucas"]
[Result "1-0"]
[WhiteTitle "GM"]
[WhiteElo "2474"]
[BlackElo "2176"]
[WhiteFideId "2907127"]
[BlackFideId "1519484"]
[EventDate "2016.09.30"]

1. Nf3 c5 2. c4 Nc6 3. Nc3 Nf6 4. e3 g6 5. d4 cxd4 6. exd4 d5 7. cxd5 Nxd5 8.
Qb3 e6 9. Bg5 Be7 10. Bh6 Bf8 11. Bxf8 Kxf8 12. h4 h6 13. g3 Kg7 14. Bg2 b6 15.
O-O Na5 16. Qc2 Ba6 17. Rfd1 Rc8 18. Ne5 h5 19. Re1 Nxc3 20. bxc3 Qc7 21. Rac1
Rhd8 22. Be4 Nc4 23. Nf3 Nd6 24. Ng5 Nxe4 25. Rxe4 Qc6 26. Qd2 Rd5 27. f3 Rf5
28. Qe3 Bb7 29. Kh2 Qa4 30. Re5 Qxa2+ 31. Kh3 Qc4 32. Re1 Qc7 33. Rxe6 Rxf3 34.
Nxf3 fxe6 35. Ng5 Bd5 36. Rf1 Rf8 37. Rxf8 Kxf8 38. Qxe6 Qc6 39. Qe5 Kg8 40.
Qb8+ Kg7 41. Qxa7+ Kf6 42. Qb8 Kg7 43. Qe5+ Kg8 44. Qb8+ Kg7 45. Qd8 Qb7 46. Qd6
Bg8 47. Qe5+ Kf8 48. Qf6+ Ke8 49. Qxg6+ Kd7 50. Qg7+ Kc6 51. Qxg8 1-0

[Event "Oslo Open 2016"]
[Site "Fornebu NOR"]
[Date "2016.10.02"]
[Round "3.7"]
[White "Sousa, Ludy Helsio Paulo"]
[Black "Hansen, Torbjorn Ringdal"]
[Result "1-0"]
[BlackTitle "GM"]
[WhiteElo "2174"]
[BlackElo "2457"]
[WhiteFideId "1504134"]
[BlackFideId "1501720"]
[EventDate "2016.09.30"]

1. e4 e5 2. Nf3 Nc6 3. Bb5 a6 4. Ba4 Nf6 5. O-O Bc5 6. c3 b5 7. Bb3 d6 8. a4 Bg4
9. h3 Bh5 10. d4 exd4 11. axb5 axb5 12. Rxa8 Qxa8 13. g4 Bg6 14. cxd4 Bb6 15. e5
dxe5 16. dxe5 Nd7 17. e6 Nde5 18. exf7+ Nxf7 19. Re1+ Ne7 20. Nc3 c6 21. Ng5 Qa7
22. Qe2 Nxg5 23. Bxg5 Bc5 24. Bxe7 Bxe7 25. Qe6 Qd7 26. Qe5 Rf8 27. Nxb5 cxb5
28. Qb8+ Qd8 29. Qxb5+ Qd7 30. Qb8+ Qd8 31. Ba4+ Kf7 32. Qb3+ Kf6 33. Re6+ Kg5
34. Qe3+ Kh4 35. Qg3+ Kg5 36. Qe3+ Kh4 37. Rxe7 Rf3 38. Qxf3 Qxe7 39. Qg3+ Kg5
40. f4+ Kf6 41. Qh4+ Kf7 42. Qxe7+ Kxe7 43. Kf2 Kd6 44. b4 Kd5 45. f5 1-0

[Event "Oslo Open 2016"]
[Site "Fornebu NOR"]
[Date "2016.10.02"]
[Round "3.8"]
[White "Bracker, Frank"]
[Black "Dahl, Trygve"]
[Result "1-0"]
[WhiteTitle "IM"]
[WhiteElo "2427"]
[BlackElo "2167"]
[WhiteFideId "24614343"]
[BlackFideId "1513427"]
[EventDate "2016.09.30"]

1. e4 c5 2. Nf3 e6 3. d4 cxd4 4. Nxd4 a6 5. c4 Nf6 6. Nc3 Qc7 7. a3 Nc6 8. Nxc6
dxc6 9. Be3 e5 10. Be2 Be7 11. O-O O-O 12. Qc2 Be6 13. Na4 Nd7 14. Rad1 Rab8 15.
Rd2 b6 16. Rfd1 Rfd8 17. h3 Rb7 18. b4 a5 19. c5 b5 20. Nb6 axb4 21. axb4 Nf8
22. Nd5 cxd5 23. exd5 Bf6 24. c6 Rbb8 25. d6 Rxd6 26. Rxd6 Be7 27. Bc5 Ng6 28.
R6d2 Bxc5 29. Qxc5 Nf4 30. Bxb5 1-0

[Event "Oslo Open 2016"]
[Site "Fornebu NOR"]
[Date "2016.10.02"]
[Round "3.9"]
[White "Djurhuus, Eivind X"]
[Black "Krupenski, Juri"]
[Result "0-1"]
[BlackTitle "FM"]
[WhiteElo "2127"]
[BlackElo "2423"]
[WhiteFideId "1515721"]
[BlackFideId "4501101"]
[EventDate "2016.09.30"]

1. c4 Nf6 2. g3 e6 3. Bg2 a6 4. Nf3 b5 5. b3 c5 6. O-O Bb7 7. Na3 Qb6 8. e3 Be7
9. d4 O-O 10. Qe2 d5 11. Bb2 Nbd7 12. Rfd1 dxc4 13. bxc4 b4 14. Nc2 a5 15. Rab1
Rac8 16. Ne5 Bxg2 17. Kxg2 cxd4 18. exd4 Nxe5 19. dxe5 Qc6+ 20. Qf3 Ng4 21. Ne1
f6 22. Qxc6 Rxc6 23. Rd7 Rf7 24. exf6 Bxf6 25. Rxf7 Kxf7 26. Bxf6 gxf6 27. Rc1
Ne5 28. c5 Nd7 29. Nd3 e5 30. Rd1 Ke6 31. Rc1 f5 32. f3 Rc7 33. c6 Nb8 34. Rc5
Nxc6 35. Rb5 Kd6 36. Nb2 Nd4 37. Rb6+ Kd5 0-1

[Event "Oslo Open 2016"]
[Site "Fornebu NOR"]
[Date "2016.10.02"]
[Round "3.10"]
[White "Djurhuus, Rune"]
[Black "Rebers, Eugene"]
[Result "1/2-1/2"]
[WhiteTitle "GM"]
[BlackTitle "FM"]
[WhiteElo "2413"]
[BlackElo "2156"]
[WhiteFideId "1500082"]
[BlackFideId "1007556"]
[EventDate "2016.09.30"]

1. d4 Nf6 2. Nf3 g6 3. Bf4 Bg7 4. e3 O-O 5. Be2 d6 6. h3 c5 7. O-O Nbd7 8. c4 b6
9. Nc3 Bb7 10. d5 Ne8 11. e4 Ne5 12. Nd2 e6 13. Bh2 exd5 14. cxd5 g5 15. Re1 a6
16. a4 Nc7 17. Nf1 b5 18. Ne3 bxa4 19. Rxa4 Bc8 20. Nf5 Bxf5 21. exf5 Nb5 22.
Bxb5 axb5 23. Rxa8 Qxa8 24. Nxb5 Qa6 25. Qe2 Rb8 26. Nxd6 Qxd6 27. Bxe5 Bxe5 28.
Qxe5 Qxe5 29. Rxe5 Rxb2 30. Re8+ Kg7 31. Rc8 Rb5 32. d6 Rb1+ 33. Kh2 Rd1 34. Rc6
Rd3 35. f3 h5 36. h4 g4 37. fxg4 hxg4 38. Rxc5 Kf6 39. Rc8 Rxd6 40. Rg8 Kxf5 41.
Rg5+ Kf4 42. g3+ Kf3 43. Rf5+ Ke3 44. Rxf7 Rd2+ 45. Kg1 Rd1+ 46. Rf1 Rd5 47. Rf2
Rd1+ 48. Kg2 Rd8 49. Ra2 Rd3 50. h5 Rd6 51. Rb2 Ra6 52. Rb3+ Ke4 53. Rb4+ Kf5
54. Rb5+ Ke4 55. Rb2 Ke3 56. Rf2 Rb6 57. Ra2 Rc6 58. Ra1 Rc2+ 59. Kg1 Rc6 60.
Kf1 Rc5 61. h6 Rh5 62. Ra6 Kf3 63. Ra3+ Ke4 64. Kg2 Rxh6 65. Ra4+ Kf5 66. Ra5+
Kg6 67. Ra6+ Kg5 68. Rxh6 Kxh6 69. Kf2 Kg5 70. Ke3 Kf5 71. Kd4 Kf6 72. Ke4 Kg5
73. Ke5 Kg6 74. Kf4 Kf6 75. Kxg4 Kg6 76. Kf4 Kf6 77. g4 Kg6 78. g5 Kg7 79. Kf5
Kf7 80. g6+ Kg7 81. Kg5 Kg8 82. Kh6 Kh8 83. g7+ Kg8 84. Kg6 1/2-1/2

[Event "Oslo Open 2016"]
[Site "Fornebu NOR"]
[Date "2016.10.02"]
[Round "3.11"]
[White "Kaasen, Tor Fredrik"]
[Black "Derakhshani, Dorsa"]
[Result "0-1"]
[BlackTitle "WIM"]
[WhiteElo "1927"]
[BlackElo "2405"]
[WhiteFideId "1516647"]
[BlackFideId "12500330"]
[EventDate "2016.09.30"]

1. Nf3 Nf6 2. g3 b5 3. Bg2 Bb7 4. O-O d6 5. d3 e6 6. c4 bxc4 7. dxc4 Be7 8. Nc3
O-O 9. Re1 Ne4 10. Qb3 Nc5 11. Qc2 Nc6 12. Be3 Nd7 13. Rad1 f5 14. Bc1 Nc5 15.
a3 a5 16. e4 a4 17. exf5 Rxf5 18. Be3 Qf8 19. Qe2 Nb3 20. g4 Rf7 21. Ne4 h6 22.
g5 Ra5 23. Nh4 Qa8 24. Ng6 Ne5 25. Nxe7+ Rxe7 26. Bf4 Ng6 27. Bg3 hxg5 28. Qh5
Nf8 29. Rd3 Rf5 30. Bxd6 g6 31. Nf6+ Rxf6 32. Qxg5 Ref7 33. Be5 Rf5 34. Rh3 Rh7
35. Qg4 Bxg2 36. Rxh7 Kxh7 37. Qh4+ Kg8 38. Qh8+ Kf7 39. Qg7+ Ke8 40. Bf6 Rxf6
41. Qxf6 Bh3 42. f3 Qa7+ 43. Kh1 Qf2 44. Rg1 Nd4 0-1

[Event "Oslo Open 2016"]
[Site "Fornebu NOR"]
[Date "2016.10.02"]
[Round "3.12"]
[White "Abdumalik, Zhansaya"]
[Black "Van den Bersselaar, Jeroen"]
[Result "1-0"]
[WhiteTitle "WGM"]
[WhiteElo "2389"]
[BlackElo "2143"]
[WhiteFideId "13703544"]
[BlackFideId "1006282"]
[EventDate "2016.09.30"]

1. e4 c6 2. d4 d5 3. Nd2 dxe4 4. Nxe4 Bf5 5. Ng3 Bg6 6. h4 h6 7. Nf3 Nd7 8. h5
Bh7 9. Bd3 Bxd3 10. Qxd3 e6 11. Bd2 Ngf6 12. O-O-O Qc7 13. Kb1 O-O-O 14. c4 c5
15. Bc3 cxd4 16. Nxd4 Nc5 17. Qc2 a6 18. b4 Ncd7 19. Qb3 Bd6 20. Nge2 Ne4 21.
Be1 Be5 22. Rh3 Ndf6 23. f3 Nd6 24. Rc1 Nf5 25. Nxf5 exf5 26. c5 f4 27. Rh4 Qd7
28. Nxf4 Rhe8 29. Ne2 Nd5 30. Re4 Nf6 31. c6 bxc6 32. Rec4 Qf5+ 33. R4c2 Kb7 34.
Qxf7+ Rd7 35. Qc4 Rc8 36. f4 Bb8 37. g3 Ba7 38. Nc3 Rd4 39. Qb3 Ng4 40. Na4 Rd3
41. Qc4 Ne3 42. Nc5+ Bxc5 43. Qxc5 Qe4 44. Bf2 Rc7 45. Re1 Re7 46. Bxe3 1-0

[Event "Oslo Open 2016"]
[Site "Fornebu NOR"]
[Date "2016.10.02"]
[Round "3.13"]
[White "Getz, Nicolai"]
[Black "Lillevold, Frode"]
[Result "1/2-1/2"]
[WhiteTitle "IM"]
[WhiteElo "2445"]
[BlackElo "2103"]
[WhiteFideId "1505572"]
[BlackFideId "1502913"]
[EventDate "2016.09.30"]

1. e4 e5 2. Nf3 Nc6 3. Bc4 Nf6 4. d3 Be7 5. O-O O-O 6. a4 d6 7. a5 a6 8. c3 h6
9. Nbd2 Nh7 10. d4 exd4 11. Nxd4 Nxd4 12. cxd4 Bf6 13. Nf3 Ng5 14. Nxg5 hxg5 15.
Qh5 d5 16. Bxd5 c6 17. Ba2 Qxd4 18. Bxg5 Bxg5 19. Qxg5 Qxe4 20. Rad1 Qf5 21. Qe7
Be6 22. Bxe6 Qxe6 23. Qxb7 Rfb8 24. Qc7 Rxb2 25. Rd8+ Rxd8 26. Qxd8+ Kh7 27.
Qd3+ g6 28. Qxa6 Ra2 29. Qb6 Qc4 30. h4 Qb5 31. Qa7 Qd5 32. a6 Qc4 33. Re1 Rxa6
34. Qe7 Ra5 35. Re4 Qc1+ 36. Kh2 Rf5 37. f3 Qb2 38. Re2 Qf6 39. Qxf6 Rxf6 40.
Rc2 Kg7 41. Kg3 Kf8 42. Kg4 Ke7 43. Kg5 Rf5+ 44. Kh6 Kd6 45. Kg7 c5 46. Rc3 Kd5
47. g4 Rf4 48. h5 gxh5 49. gxh5 Kd4 50. Ra3 Rh4 51. h6 f5 52. h7 c4 53. h8=Q
Rxh8 54. Kxh8 c3 55. Kg7 c2 56. Ra1 Ke3 57. Kf6 Kxf3 58. Rc1 Ke3 59. Rxc2 f4 60.
Ke5 f3 61. Rc3+ Ke2 62. Ke4 f2 63. Rc2+ Ke1 64. Ke3 f1=N+ 65. Kd3 Ng3 66. Rg2
Nf1 67. Re2+ Kd1 68. Rf2 Ke1 69. Re2+ Kd1 70. Re5 Nd2 71. Rh5 Nf1 72. Re5 Nd2
73. Ra5 Nb1 74. Ra2 Kc1 75. Rh2 Na3 76. Ra2 Nb1 77. Rc2+ Kd1 78. Rb2 Kc1 79. Rb3
Nd2 80. Rc3+ Kd1 81. Rc2 Nf1 82. Re2 Ng3 83. Rf2 Ke1 84. Ra2 Nf1 85. Re2+ 1/2-1/2

[Event "Oslo Open 2016"]
[Site "Fornebu NOR"]
[Date "2016.10.02"]
[Round "3.14"]
[White "Elsness, Frode"]
[Black "Taksrud, Vidar"]
[Result "1-0"]
[WhiteTitle "IM"]
[WhiteElo "2444"]
[BlackElo "1991"]
[WhiteFideId "1501100"]
[BlackFideId "1502158"]
[EventDate "2016.09.30"]

1. d4 Nf6 2. c4 e6 3. Nf3 Bb4+ 4. Nbd2 c5 5. a3 Bxd2+ 6. Bxd2 cxd4 7. Nxd4 Nc6
8. Nxc6 dxc6 9. Bc3 Qxd1+ 10. Rxd1 c5 11. g3 a5 12. Bg2 Ke7 13. O-O Rd8 14. Rxd8
Kxd8 15. g4 Ke7 16. g5 Ne8 17. Rd1 f6 18. gxf6+ gxf6 19. Rd3 h5 20. Rg3 Kf7 21.
Be4 Ng7 22. Bg6+ Ke7 23. Bd3 Kf7 24. Bg6+ Ke7 25. f4 Ra7 26. Be4 Ne8 27. Bf3 h4
28. Rh3 Nd6 29. Rxh4 Nxc4 30. Rh7+ Kd6 31. Bxf6 Bd7 32. b3 1-0

[Event "Oslo Open 2016"]
[Site "Fornebu NOR"]
[Date "2016.10.02"]
[Round "3.15"]
[White "Arvola, Benjamin"]
[Black "Robertsen, Bjorn"]
[Result "1-0"]
[WhiteTitle "FM"]
[WhiteElo "2346"]
[BlackElo "1943"]
[WhiteFideId "1506536"]
[BlackFideId "1521632"]
[EventDate "2016.09.30"]

1. d4 d5 2. c4 c6 3. Nf3 Nf6 4. Nc3 dxc4 5. a4 Bf5 6. e3 e6 7. Bxc4 Bb4 8. O-O
O-O 9. Qe2 Bg6 10. Ne5 Nbd7 11. Nxg6 hxg6 12. Rd1 Qe7 13. e4 e5 14. d5 Nb6 15.
Bb3 Rfd8 16. a5 Nbd7 17. a6 Nc5 18. axb7 Qxb7 19. dxc6 Qxc6 20. Bd5 Nxd5 21.
Nxd5 Nb3 22. Rb1 Qb7 23. Bg5 Rdc8 24. Rd3 Bf8 25. Rh3 f6 26. Qg4 Qc6 27. Rxb3
Qc2 28. Qe6+ 1-0